|
|
|
|
| LEADER |
01016nam a2200277 a 4500 |
| 001 |
4582 |
| 003 |
BD-DhAAL |
| 008 |
090705r19821976nyu b 001 0 eng d |
| 999 |
|
|
|c 2029
|d 2029
|
| 010 |
|
|
|a 76029168
|
| 020 |
|
|
|a 0586083162
|
| 040 |
|
|
|a DLC
|c DLC
|d DLC
|
| 082 |
0 |
0 |
|a 591.5
|2 19
|
| 100 |
1 |
|
|a Dawkins, Richard,
|d 1941-
|9 44780
|
| 245 |
1 |
4 |
|a The selfish gene /
|c Richard Dawkins.
|
| 260 |
|
|
|a New York :
|b Oxford University Press,
|c 1976.[Reprinted1982]
|
| 300 |
|
|
|a xi, 224 p. ;
|c 23 cm.
|
| 504 |
|
|
|a Includes bibliographical references (pages [217]-220.) and index.
|
| 541 |
1 |
|
|e 4582
|
| 650 |
|
0 |
|a Genetics.
|9 44781
|
| 650 |
|
0 |
|a Evolution (Biology).
|9 44782
|
| 650 |
|
0 |
|a Behavior genetics.
|9 44783
|
| 650 |
|
0 |
|a Pharmacy.
|9 44784
|
| 852 |
4 |
|
|a Ayesha Abed Library
|c General Stacks
|
| 942 |
|
|
|2 ddc
|c BK
|
| 952 |
|
|
|0 0
|1 0
|2 ddc
|4 0
|6 591_500000000000000_DAW_1982
|7 0
|9 1865
|a BRACUL
|b BRACUL
|c GEN
|d 2009-07-06
|g 224.00
|l 11
|m 49
|o 591.5 DAW
|p 3010004582
|r 2025-07-12
|s 2025-05-14
|t 1
|v 448.00
|w 2009-07-06
|y BK
|